LEADER 02639nam 2200613Ia 450 001 9910454375403321 005 20191030193359.0 010 $a1-281-76575-9 010 $a0-8261-1673-6 035 $a(CKB)1000000000718934 035 $a(EBL)423318 035 $a(OCoLC)437109710 035 $a(SSID)ssj0000365882 035 $a(PQKBManifestationID)11229996 035 $a(PQKBTitleCode)TC0000365882 035 $a(PQKBWorkID)10403193 035 $a(PQKB)10887124 035 $a(MiAaPQ)EBC423318 035 $a(Au-PeEL)EBL423318 035 $a(CaPaEBR)ebr10265337 035 $a(CaONFJC)MIL176575 035 $a(EXLCZ)991000000000718934 100 $a20070122d2006 uy 0 101 0 $aeng 135 $aur|n|---||||| 181 $ctxt 182 $cc 183 $acr 200 00$aSix therapists and one client$b[electronic resource] /$fFrank Dumont Raymond J. Corsini, editors 205 $a2nd ed. 210 $aNew York $cSpringer$d2006 215 $a1 online resource (353 p.) 300 $aDescription based upon print version of record. 311 $a0-8261-0264-6 320 $aIncludes bibliographical references and index. 327 $aContents; Contributors; Preface; Introduction; Chapter 1 AN INTAKE INTERVIEW WITH DONALD GREEN; Chapter 2 ERICKSONIAN HYPNOTHERAPY; Chapter 3 RATIONAL EMOTIVE BEHAVIOR THERAPY; Chapter 4 MULTIMODAL THERAPY; Chapter 5 ADLERIAN PSYCHOTHERAPY; Chapter 6 PERSON-CENTERED THERAPY; Chapter 7 COGNITIVE BEHAVIOR THERAPY; Index 330 $aHow would therapists using different theoretical systems handle the very same client?. This volume demonstrates how six therapists working within the structures of six different major theoretical orientations would treat the same person. Approaches include:.: Ericksonian Hypnotherapy (Lankton).; REBT (Ellis).; Multimodal Therapy (Lazarus).; Individual Psychotherapy (Corsini).; Person-Centered Therapy (Zimring).; Cognitive Behavior Therapy (McGrady). Each therapist explains the logic that underpins his or her clinical interventions. This think-aloud methodology will have great appeal for studen 606 $aPsychotherapy 606 $aPsychotherapists 608 $aElectronic books. 615 0$aPsychotherapy. 615 0$aPsychotherapists. 676 $a616.89 676 $a616.89/14 676 $a616.8914 701 $aDumont$b Frank$f1928-$0815514 701 $aCorsini$b Raymond J$0911112 801 0$bMiAaPQ 801 1$bMiAaPQ 801 2$bMiAaPQ 906 $aBOOK 912 $a9910454375403321 996 $aSix therapists and one client$92469243 997 $aUNINA LEADER 00828nam a2200217 i 4500 001 991004359638207536 005 20241231102315.0 008 241231s1972 it a fr 001 0 ita d 040 $aBibl. Dip.le Aggr. Ingegneria Innovazione - Sez. IngegneriaInnovazione$beng$cSocioculturale Scs 041 0 $aita 082 04$a670.42$223 245 00$aManuale del perito industriale :$bper le aziende meccaniche, metallurgiche, elettriche e radioelettriche 250 $a6. ed. rifatta, con 1488 figure e 494 tabelle 260 $aRoma :$bCremonese,$c1973 printing 300 $aXLVIII, 1163 p. :$bill. ;$c18 cm 490 1 $aManuali Cremonese 650 4$aIndustrial engineers$vHandbooks, manuals, etc. 830 0$aManuali Cremonese 912 $a991004359638207536 996 $aMANUALE del perito industriale$9106581 997 $aUNISALENTO